Sentence prosody: Intonation, stress, and phrasing (Record no. 11486)
[ view plain ]
| 000 -CABECERA | |
|---|---|
| campo de control de longitud fija | 00569caa a22001572a 4500 |
| 001 - NÚMERO DE CONTROL | |
| campo de control | 005664 |
| 003 - IDENTIFICADOR DEL NÚMERO DE CONTROL | |
| campo de control | AR-FADEU |
| 008 - DATOS DE LONGITUD FIJA--INFORMACIÓN GENERAL | |
| campo de control de longitud fija | 311216n########xxu####################dd |
| 092 ## - ASIGNACIÓN LOCAL DE SIGNATURA TOPOGRÁFICA DEWEY (OCLC) | |
| Número de clasificación | 414 |
| Número de documento/Ítem | H236 |
| 100 ## - ENTRADA PRINCIPAL--NOMBRE DE PERSONA | |
| Nombre de persona | Selkirk, Elizabeth |
| 245 ## - MENCIÓN DE TÍTULO | |
| Título | Sentence prosody: Intonation, stress, and phrasing |
| 300 ## - DESCRIPCIÓN FÍSICA | |
| Extensión | pp. 550-569 |
| 500 ## - NOTA GENERAL | |
| Nota general | En: The handbook of phonological theory / John A. Goldsmith (ed.). Cambridge : Blackwell, 1995 |
| 773 0# - ENLACE AL DOCUMENTO FUENTE/ENTRADA DE REGISTRO ANFITRIÓN | |
| Número bibliográfico anfitrión | 11471 |
| Número de ítem anfitrión | 10111 |
| Encabezamiento principal | |
| Edición | |
| Lugar, editor y fecha de publicación | Cambridge |
| Otro identificador del documento | 03059 |
| Título | THE HANDBOOK of phonological theory |
| Número de control del registro | ( AR-FADEU) 005649 |
| Número Internacional Normalizado para Publicaciones Seriadas | |
| Número Internacional Estándar del Libro | 0-631-18062-1 |
| 942 ## - ELEMENTOS DE PUNTO DE ACCESO ADICIONAL (KOHA) | |
| Tipo de ítem Koha | BDGR |
No items available.